000 00974cam a2200289 i 4500
999 _c130108
_d130108
001 4647896
003 ARRUPE
005 20191204094437.0
008 790329t19681963nyu b 001 0 eng
010 _a 79101152
020 _a0393004368 :
_c$5.95
040 _aDLC
_cDLC
_dDLC
050 0 0 _aPR2625.A3
_bH8 1968
082 0 0 _a821/.3
100 1 _aJonson, Ben,
_d1573?-1637.
_948876
245 0 4 _aThe complete poetry of Ben Jonson /
_cedited with an introd., notes, and variants by William B. Hunter, Jr.
260 _aNew York :
_bW. W. Norton,
_c1968, c1963.
300 _a494 p. ;
_c20 cm.
490 0 _aThe Norton library seventeenth-century series
500 _aIncludes music.
500 _aIncludes indexes.
504 _aBibliography: p. [475]-476.
650 0 _aCivilization, Modern
_y17th century
_xPoetry.
_948877
700 1 _aHunter, William Bridges,
_d1915-
_948878
906 _a7
_bcbc
_corignew
_d2
_encip
_f19
_gy-gencatlg
942 _2lcc
_cMONOGRAPH